The Determinants of Nominal Long-Term Rates in the United States and the Eurozone (notice n° 1864699)
[ vue normale ]
| 000 -LEADER | |
|---|---|
| fixed length control field | 01406cam a2200157 4500500 |
| 005 - DATE AND TIME OF LATEST TRANSACTION | |
| control field | 20260329011745.0 |
| 041 ## - LANGUAGE CODE | |
| Language code of text/sound track or separate title | fre |
| 042 ## - AUTHENTICATION CODE | |
| Authentication code | dc |
| 100 10 - MAIN ENTRY--PERSONAL NAME | |
| Personal name | Hissler, Sébastien |
| Relator term | author |
| 245 00 - TITLE STATEMENT | |
| Title | The Determinants of Nominal Long-Term Rates in the United States and the Eurozone |
| 260 ## - PUBLICATION, DISTRIBUTION, ETC. | |
| Date of publication, distribution, etc. | 2005.<br/> |
| 500 ## - GENERAL NOTE | |
| General note | 93 |
| 520 ## - SUMMARY, ETC. | |
| Summary, etc. | The reduction in the distortions to trade launched in 1992 and 1999 led the EU’s Common Agricultural Policy (CAP) to systematize the uncoupling of agricultural subsidies from agricultural production. This analysis focuses on the price effect and makes it possible to assess the expected advantages to society by means of model simulations under an assumption of constant European budgetary expenditure. Depending on the level of the uncoupling premium offered in substitution for existing subsidies, we note a change in the numbers of “losers” and “winners,” their location, and variation in surpluses, with the benefit to producers and taxpayers unchanged at €1.8 billion for the 15-member EU compared with Agenda 2000. This amount would be €0.8 billion in the case of partial uncoupling similar to that contained in the 2003 Luxembourg Agreement. |
| 786 0# - DATA SOURCE ENTRY | |
| Note | Economie & prévision | o 167 | 1 | 2005-03-01 | p. 141-147 | 0249-4744 |
| 856 41 - ELECTRONIC LOCATION AND ACCESS | |
| Uniform Resource Identifier | <a href="https://shs.cairn.info/journal-economie-et-prevision-1-2005-1-page-141?lang=en&redirect-ssocas=7080">https://shs.cairn.info/journal-economie-et-prevision-1-2005-1-page-141?lang=en&redirect-ssocas=7080</a> |
Pas d'exemplaire disponible.




Réseaux sociaux